|
|
|
|
| LEADER |
01069pam a22003138a 4500 |
| 001 |
00034706 |
| 005 |
20171026081025.0 |
| 008 |
161019s2014 ||||||Viesd |
| 020 |
# |
# |
|c 49000
|a 978 604 57 0425 7
|
| 041 |
0 |
# |
|a Vie
|
| 082 |
1 |
4 |
|a 324.175
|b PH431TR
|
| 100 |
1 |
# |
|a Nguyên, Hoang Giáp
|e Đồng chủ biên
|
| 245 |
1 |
0 |
|a Phong trào cộng sản quốc tế hiện nay và triển vọng
|c Nguyên Hoang Giáp; Nguyễn Thị Quế
|b Sách tham khảo
|
| 260 |
# |
# |
|a Hà Nội
|b Chính trị Quốc gia- Sự thật
|c 2014
|
| 300 |
# |
# |
|a 295 tr.
|c 21 cm.
|
| 653 |
# |
# |
|a Phong trào cộng sản
|
| 653 |
# |
# |
|a Thế giơi
|
| 700 |
1 |
# |
|a Nguyễn. Thị Quế
|e Đồng chủ biên
|
| 852 |
# |
# |
|b Kho mượn
|j KM.0019111, KM.0019112
|
| 852 |
# |
# |
|b Kho đọc
|j KD.0018579
|
| 852 |
# |
# |
|j KD.0018579
|j KM.0019111
|j KM.0019112
|
| 910 |
|
|
|d 19/10/2016
|
| 980 |
# |
# |
|a Trung tâm Học liệu Lê Vũ Hùng, Trường Đại học Đồng Tháp
|